Quizzes
Events
Quiz Creation
Community
Videos
Private Events
Remove Ads
Sign In
Join for FREE
Feedback
Dark Mode
Quiz Categories
Sports
Geography
Music
Movies
Television
Just For Fun
Miscellaneous
History
Literature
Language
Science
Gaming
Entertainment
Religion
Holiday
For Kids
Quiz Lab
Recent
Popular Today
Quiz Kudos Today
Editor Picks
Curator Picks
Quizzes by...
Day
Popularity
Type
Ratings
Length
Year
Community
Subscriptions
Recent Discussions
Orange Saloon
Badges
Playlists
Quests
Create
Leaderboards
Showdown
Live 5
Trivia Bingo
Activity
Puzzle Library
Sporcle Events
Private Events
Virtual Trivia
Globe League
Become a Host
Pub Owners
SporcleCon
Opinionation
Our Games
Videos
Blog
Mobile Apps
Partnerships
Remove Ads and Go Orange
Feedback
Miscellaneous
Crossword
General Knowledge
Baby Names
Logo
Food
Cars
Numbers
Grab Bag
University
College
Popular
Company
Slogans
Restaurants
Justice
Letter
Miscellaneous
Crossword
General Knowledge
Baby Names
Logo
Food
Cars
Numbers
Grab Bag
University
College
Popular
Company
Slogans
Restaurants
Justice
Letter
Random Quiz
Search Sporcle
×
Quiz Lab
Quiz Lab
Miscellaneous
Type in answers that appear in a list
Type in answers that appear in a list
Classic
Best Score? Go Orange.
In Which Year...? Stats
Can you name the years??
By
AngrySi
12m
40 Questions
100 Plays
100 Plays
100 Plays
Comments
Comments
Give Quiz Kudos
Give Quiz Kudos
-
- Ratings
hide this ad
Forced Order
Answers have to be entered in order
Answers have to be entered in order
Replay
Link that replays current quiz
Next Quiz
Link to next quiz in quiz playlist
You Got
0%
They Got
Avg Score
64%
Avg Friend Score
Upgrade to see
Score Distribution
Jump to the score distribution portion of the page
Score
0/40
Timer
12:00
0
Plays Today
Question
Year
% Correct
...did Princess Diana die?
1997
93%
...was Toy Story released?
1995
88%
...did the Japanese bomb Pearl Harbor?
1941
86%
...was Britney Spears born?
1981
84%
...did Elvis Presley die?
1977
84%
...did England win the World Cup?
1966
81%
...did The Godfather win the best picture Oscar?
1972
81%
...did David Beckham marry posh spice?
1999
80%
...was the first Harry Potter book published?
1997
80%
...did Russell Crowe win the best actor Oscar for Gladiator?
2000
79%
...did Black Eyed Peas top the UK charts with Where Is The Love?
2003
78%
...did The Beatles split up?
1970
77%
...was Daniel Radcliffe born?
1989
77%
...was the Cuban Missle Crisis?
1962
76%
...was the Falklands War?
1982
76%
...did John Major become Prime Minister?
1990
74%
...was the Battle of Hastings?
1066
74%
..was Band Aid the UK Christmas number one?
1984
71%
...did Mexico host the Olympics?
1968
69%
...was Queen Elizabeth II born?
1926
69%
Question
Year
% Correct
...did Ryan Giggs make his Manchester United debut?
1991
68%
...did Steve Redgrave win his fifth Olympic gold medal?
2000
67%
...was Johnny Depp born?
1963
67%
...did Robbie WIlliams leave Take That?
1996
67%
...was the Russian Revolution?
1917
66%
...was the Lockerbie bombing?
1988
64%
...was Elizabeth Taylor born?
1932
62%
...was Abraham Lincoln assassinated?
1865
62%
...was Tiger Woods born?
1975
60%
...was Eastenders first broadcast?
1985
59%
...did the USA win independence?
1783
51%
...was the Magna Carta signed?
1215
50%
...was the Battle of Waterloo?
1815
44%
...did Jack the Ripper kill his first victims?
1888
36%
...did Robert Maxwell drown?
1991
34%
...did Drake sink the Spanish Armada?
1588
33%
...was the telephone patented?
1877
30%
...did the Golden Gate Bridge open to traffic?
1937
25%
...did the English Civil War begin?
1642
24%
...did Henry VIII become king of England?
1509
23%
Quiz Playlist
Details
Report
Send in Message
Add To Playlist
Classic:
Type in answers that appear in a list
Forced Order:
Answers have to be entered in order
Last Updated: Feb 16, 2017
Quiz Scoreboard
CHALLENGE
Sign Up to Join the Scoreboard
Show All
Scores
Hide
Comments
May contain spoilers
Recently Published
9x9 Crossword: Cartoon Network
by jackfrog10
Miscellaneous
3m
College Basketball Coaching Resumes
by pancakes188
Sports
9m
Billboard Blitz: Fleetwood Mac
by CooCooCachoo
Music
15s
More to Explore
Quiz From the Vault
Featured Blog Post
Where Did the Easter Bunny Come From?
hide this ad
You Might Also Like...
Tags
This quiz does not have any tags.
Today's Top Quizzes in Miscellaneous
Browse Miscellaneous
hide this ad
Top Contributed Quizzes in Miscellaneous
1
5-to-1: Fast Food
2
The JOE quick-fire general knowledge quiz: Day 174
3
The JOE quick-fire general knowledge quiz: Day 173
4
5-to-1: Cocktails
5
The JOE quick-fire general knowledge quiz: Day 172
6
Sunday Crossword: Famous Bodies of Water
7
9x9 Crossword: Disney Movie Titles
8
The JOE quick-fire general knowledge quiz: Day 171
9
Named After an Animal - Odd One Out!
10
One Thing in Common: United Kingdom II
Explore More
Trending Topics
Kpop
Harry Potter
Marvel
Crossword
NBA
Anime
Disney
Country
Puzzle
NFL
WWE
Pokémon
Soccer
The Office
Song
hide this ad
More By:
AngrySi
Quiz
Plays
Rating
Category
Featured
Created
Closest Countries to Germany A-Z
346,436
4.41
Geography
Jul 29, 2011
Premier League: 100 Best Players
206,910
4.69
Sports
Jul 10, 2016
Follow That Line: Star Wars
176,846
4.63
Movies
Jul 16, 2012
Premier League: Consistent Goal-Scorers
139,966
4.72
Sports
Jan 30, 2015
Countries Larger Than the UK?
135,734
4.25
Geography
Jul 5, 2012
Go to Creator's Profile
Score Distribution
Quiz Creator Spotlight
AngrySi
Follow
Send a Message
Quizzes Created
-
Created Quiz Play Count
-
More By This Creator
Popular Quizzes Today
1
Find the US States - No Outlines Minefield
2
Find the Countries of Europe - No Outlines Minefield
3
The Countries of the World
4
Find the US States
5
Risky Map Clicking: Biggest States A-Z
6
US States
7
Popular People in 1961
8
Movies - When Are They Set?
More Miscellaneous Quizzes
Websites by Snippets
Published
Trending Quizzes
Risky Map Clicking: Least Populous States A-Z
1-10 Letter G Words
Risky Map Clicking: Next State Alphabetically
Adjectives in 80s TV Shows
The Seven Year Switch: Catherine
Recently Updated
Leaping Animals
pecheneg
Reality TV Shows (A-Z)
bhenderson79
Rickey Henderson's Hall of Fame Teammates
pecheneg
Champions League XIs: Arsenal
pecheneg
Quick Pick: Celebrities in WWE's Hall of Fame
aduchscher
A-Z Keypad Blitz II
pecheneg
Multiple Oscar Actors
pecheneg
Mystery Phrase Blitz: Oscar 'Best Actors'
pecheneg
F. Scott Fitzgerald Novels
LTH
Pick 3 Villains
ddd62291
Trending Topics
Harry Potter
Kpop
Crossword
Marvel
Disney
Anime
NBA
Country
The Office
Pokémon
Puzzle
Soccer
WWE
NFL
Song
Your Account Isn't Verified!
In order to create a playlist on Sporcle, you need to verify the email address you used during registration. Go to your
Sporcle Settings
to finish the process.
Report this User
Report this user for behavior that violates our
Community Guidelines
.
Details:
Send Report
Go to the Sporcle.com Mobile Site →
Comments